Statistiques concernant Gaëtan ou Mazarine

Cliquez ici pour prendre le quiz!

Statistiques générales

  • Ce quiz a été pris 4 fois
  • Le résultat moyen est 11 sur 15

Statistiques - réponses

HintRéponse% Correct
Qui a le plus de skin fornite ?Gaëtan
100%
Qui a eu la meilleure note en anglais ?Gaëtan
100%
Qui boit le plus d'eau ?Gaëtan
100%
Qui est le plus raciste ?Gaëtan
100%
Qui à un petit copain trop beau avec des grandes mains ?Mazarine
75%
Qui a le plus travaillé pour l'UE22 ?Mazarine
75%
Qui utilise le plus les toilettes secrètes ?Mazarine
75%
Qui mange le plus de cochonneries ?Mazarine
75%
Qui aime le moins le master ?Mazarine
75%
Qui s'habille le mieux ?Les deux
50%
Qui vole les kills sur fornite ?Les deux
50%
Qui aime le plus Rémi ?Les deux
50%
Qui préfère jouer à fornite que faire ses devoirs ?Les deux
50%
Qui préfère être avec W que jouer à Fornite ?Les deux
50%
Qui à recu des requêtes dans la classe ?Les deux
50%

Distribution des résultats

Percentile par nombre de réponses

% des personnes avec chaque résultat

Votre développement - résultats

Vous n’avez pas pris ce quiz